Thế giới khoa học trái đất

Shranjeno v:
Bibliografske podrobnosti
Glavni avtor: Nghiêm Tế Viễn
Format: Knjiga
Jezik:Undetermined
Izdano: H. VHTT 2003
Teme:
Oznake: Označite
Brez oznak, prvi označite!
Thư viện lưu trữ: Trung tâm Học liệu Trường Đại học Cần Thơ
LEADER 00509nam a2200181Ia 4500
001 CTU_57024
008 210402s9999 xx 000 0 und d
020 |b 50000 
082 |a 550 
082 |b V305 
100 |a Nghiêm Tế Viễn 
245 0 |a Thế giới khoa học trái đất 
245 0 |c Nghiêm Tế Viễn; Phan Quốc Bảo dịch 
260 |a H. 
260 |b VHTT 
260 |c 2003 
650 |a earth sciences 
980 |a Trung tâm Học liệu Trường Đại học Cần Thơ